Cher : the memoir, part one / Cher.
Available copies
- 3 of 3 copies available at LARL/NWRL Consortium.
- 2 of 2 copies available at Lake Agassiz Regional Library. (Show preferred library)
Current holds
1 current hold with 3 total copies.
Show All Copies
| Location | Call Number / Copy Notes | Barcode | Shelving Location | Status | Due Date |
|---|---|---|---|---|---|
| Fosston Public Library | 921 CHE (Text) | 33500014093736 | Main | Available | - |
| Moorhead Public Library | 921 CHE (Text) | 33500014093728 | Main | Available | - |
| Godel Memorial-Warren Library | 921 CHE (Text) | 35500006840639 | Main | Available | - |
Record details
- ISBN: 9780062863102
- ISBN: 006286310X
- Physical Description: xv, 413 pages, 24 unnumbered pages of plates ; 24 ... Read More
- Edition: First edition.
- Publisher: [New York, N.Y.] : Dey Street Books, [2024]
Content descriptions
| Summary, etc.: | "After more than seventy years of fighting to live ... Read More |
| Source of Description Note: | Description based on publisher data; resource not ... Read More |
Search for related items by subject
| Subject: | Cher, 1946- Singers > United States > Biography. Motion picture actors and actresses > United States > Biography. |
| Genre: | Autobiographies. |
Search for related items by series
| LDR | 01617cam a2200421Mi 4500 | ||
|---|---|---|---|
| 001 | 450067 | ||
| 003 | LARL_NWRL_CONSORTIUM | ||
| 005 | 20241118202452.0 | ||
| 008 | 240725s2024 nyua 000 0aeng d | ||
| 040 | . | ‡aIG# ‡beng ‡erda ‡cIG# ‡dBDX ‡dOCLCO ‡dBRL ‡dLJW | |
| 020 | . | ‡a9780062863102 ‡q(hbk.) | |
| 020 | . | ‡a006286310X | |
| 035 | . | ‡a(OCoLC)1464693818 | |
| 043 | . | ‡an-us--- | |
| 082 | 0 | 4. | ‡a782.42164/092 ‡aB ‡223/eng/20241024 |
| 100 | 0 | . | ‡aCher, ‡d1946- ‡eauthor. ‡0(LARL_NWRL_CONSORTIUM)49954 |
| 245 | 1 | 0. | ‡aCher : ‡bthe memoir, part one / ‡cCher. |
| 246 | 3 | 0. | ‡aMemoir, part one |
| 250 | . | ‡aFirst edition. | |
| 264 | 1. | ‡a[New York, N.Y.] : ‡bDey Street Books, ‡c[2024] | |
| 300 | . | ‡axv, 413 pages, 24 unnumbered pages of plates ; ‡c24 cm | |
| 336 | . | ‡atext ‡btxt ‡2rdacontent | |
| 336 | . | ‡astill image ‡bsti ‡2rdacontent | |
| 337 | . | ‡aunmediated ‡bn ‡2rdamedia | |
| 338 | . | ‡avolume ‡bnc ‡2rdacarrier | |
| 490 | 0 | . | ‡aCher: the memoir ; ‡v1 |
| 520 | . | ‡a"After more than seventy years of fighting to live her life on her own terms, Cher finally reveals her true story in intimate detail,in a two-part memoir."--Provided by publisher. | |
| 588 | 0 | . | ‡aDescription based on publisher data; resource not viewed. ‡5TnLvILS |
| 600 | 0 | 0. | ‡aCher, ‡d1946- ‡0(LARL_NWRL_CONSORTIUM)49954 |
| 650 | 0. | ‡aSingers ‡zUnited States ‡vBiography. ‡0(LARL_NWRL_CONSORTIUM)167408 | |
| 650 | 0. | ‡aMotion picture actors and actresses ‡zUnited States ‡vBiography. ‡0(LARL_NWRL_CONSORTIUM)166288 | |
| 655 | 7. | ‡aAutobiographies. ‡2lcgft | |
| 905 | . | ‡uvanderl | |
| 901 | . | ‡a450067 ‡bAUTOGEN ‡c450067 ‡tbiblio ‡soclc | |

Add to basket
Permalink
Disable Highlighting